000 01228nam a2200349 4500
001 59667
003 CO-BoRNBP
005 20251028200225.0
007 ta
008 831115s1982 sp a 000 0 spa
017 _aM 20254-1974
_bOficina Depósito Legal Madrid
020 _a843721078X
040 _aIBH
_bspa
_cSpMaBN
_erdc
041 1 _aspa
_hger
080 _a745.542(023)
100 1 _aRommel, Willi
_966306
245 1 0 _aCon tijeras, papel y cartón
_h[Texto impreso]
_cWilli Rommel ; [versión del alemán, José María Díaz de Castro]
250 _a1a. edición
300 _a108 p.
_bgrab. neg. y col.
_c21 cm
336 _2rdacontent
_atexto
_btxt
337 _2rdamedia
_asin mediación
_bn
338 _2rdacarrier
_avolumen
_bnc
490 0 _aEnciclopedia de las aficiones
_v1
650 7 _aPapel
_xTrabajos manuales
_2embne
_966307
700 1 _aDíaz Castro, José María
_d1914-1990
_966308
942 _2ddc
_cBK
956 _a2
980 _aM 20254-1974
_a84-372-1078-X
_aSpMaBN
_bBNALCALA
_jDL/19729
_cCONSERVACI
980 _aSpMaBN
_bBNALCALA
_jDL/205032
_cCONSERVACI
980 _aM 20254-1974
_a84-372-1078-X
_aSpMaBN
_bBNALCALA
_jJ1/6867
_cSG_PETANTI
980 _aSpMaBN
_bBNALCALA
_jJ1/28148
_cSG_PETANTI
999 _c59667
_d59667